000 00696nam a2200241Ia 4500
003 OSt
005 20220926012758.0
006 a|||||r|||| 00| 0
007 ta
008 220923b |||||||| |||| 00| 0 eng d
037 _cGeneral Book
040 _aRTL
_cRTL
_beng
041 _2eng
_aeng
082 _aX:8:(D6,9(B), M2
100 _aKroeber Donald W
_9317246
245 0 _aManagement information systems
_b A handbook for mo
260 _aNew York
_bFree Press U. S. A.
_c1982
300 _axvi, 266p.
_ccm.
500 _aAppendix p.247-59
650 _aManagement
_930681
942 _hX:8:(D6,9(B), M2
_cGB
_2CC
999 _c624321
_d624321